000
00303nam a22001337a 4500
008
170601b xxu||||| |||| 00| 0 eng d
020
_a
9780849938610
041
_a
eng
080
_a
93
100
_a
17
101
_a
SHH
245
_a
CHURCH HISTORY IN PLAIN LANGUAGE
_c
SHELLEY, B.L
942
_2
udc
_c
BK
999
_c
15519
_d
15519